000 00805nam a22002177a 4500
999 _c353
_d353
003 AR-CdUCM
008 190223b ||||| |||| 00| 0 spa d
040 _aMUNICIPALIDAD PROVINCIAL DEL CUSCO
_cBIBLIOTECA MUNICIPAL DEL CUSCO
082 _a869.561 /
_bV33
100 _aVarona, Dora
_91440
245 _aCiro Alegria :
_bTrayectoria y mensaje /
260 _aLima :
_bEdiciones Varona ;
_c1972.
300 _a259 paginas ;
_c17 cm.
440 _aColección plenitud
_n1
_91441
505 _aTrayectoria cronológica de Ciro Alegría -- La serpiente de oro o el río de la vida -- Los cuentos de Ciro Alegría -- Duelo de caballeros -- Obra póstuma ...
650 _aCuentos peruanos
_97
650 _aSiglo XX
_98
650 _aLiteratura peruana
_9169
942 _2ddc
_cLIBROS
945 _arum
_d2019-02-23